| 000 | 00748cab a2200241 4500 | ||
|---|---|---|---|
| 001 | WB3415-07 | ||
| 008 | 090401t1998 xxu||||| |||| 00| 0 eng d | ||
| 035 | _a(Sirsi) u85632 | ||
| 041 | _aeng | ||
| 245 | _aAsbestos | ||
| 260 | _c1998 | ||
| 350 | _a0 | ||
| 490 |
_aFinancial Times _v16 April 1998, 11(2) |
||
| 520 | _aDiscusses the growing campaign to ban all asbestos minerals in the UK. They have been banned in eight other European Union countries. | ||
| 650 | _aASBESTOS REGULATIONS | ||
| 650 | _aASBESTOS REMOVAL | ||
| 650 | _aMANAGEMENT-HEALTH AND SAFETY-HAZARDOUS SUBSTANCES-ASBESTOS | ||
| 650 | _aASBESTOSIS | ||
| 650 | _aMESOTHELIOMA | ||
| 690 | _aBUILT ENVIRONMENT-BUILDING PATHOLOGY | ||
| 942 | _n0 | ||
| 948 | _c16/04/1998 | ||
| 999 |
_c53855 _d53855 |
||